Určenie parametrov bodov výškovej siete

Na minha lista:
Detalhes bibliográficos
Autor principal: Magát, Norbert (Author)
Outros Autores: Kyrinovič, Peter (Thesis advisor)
Formato: Manuscrito Livro
Idioma:eslovaco
Publicado em: 2017
Assuntos:
Acesso em linha:http://is.stuba.sk/zp/portal_zp.pl?podrobnosti=131435
https://opac.crzp.sk/?fn=detailBiblioForm&sid=877A1C170D2F97A1D23BAE2BFB25
Tags: Adicionar Tag
Sem tags, seja o primeiro a adicionar uma tag!

MARC

LEADER 00000ntm a22000003a 4500
001 stuzp63425
003 SK-STU
005 20230606163837.4
007 ta
008 150427s2015----xo-----f-mn---000-0-slo-d
040 |a STU  |b slo 
041 0 |a slo 
100 1 |a Magát, Norbert  |u 010140  |4 aut  |U SvF Stavebná fakulta  |T SvF Katedra geodézie  |X 75818  |U V140  |Y 14  |7 75818 
242 0 1 |a Determination of height points parameters of a height network  |y eng 
245 1 0 |a Určenie parametrov bodov výškovej siete 
260 |c 2017 
650 4 |a výšková sieť  |2 slo 
650 4 |a výškový bod  |2 slo 
650 4 |a geometrická nivelácia  |2 slo 
650 4 |a metóda najmenších štvorcov  |2 slo 
650 4 |a height point  |2 eng 
650 4 |a differential levelling  |2 eng 
650 4 |a method of least squares  |2 eng 
650 4 |a height network  |2 eng 
700 1 |a Kyrinovič, Peter  |u 010140  |k Z1  |4 ths  |U SvF Stavebná fakulta  |T SvF Katedra geodézie  |X 2924  |U V140  |Y 14  |7 A000002924 
856 4 |u http://is.stuba.sk/zp/portal_zp.pl?podrobnosti=131435 
856 4 |u https://opac.crzp.sk/?fn=detailBiblioForm&sid=877A1C170D2F97A1D23BAE2BFB25